| 000 | 01939nam0a2200325 i 4500 | ||
|---|---|---|---|
| 001 | RU\NLR\BIBL_A\010306499 | ||
| 005 | 20260503054409.0 | ||
| 010 |
_a9785990384026 _9250 |
||
| 021 |
_aRU _b2014-25807 _91602 |
||
| 035 | _a(NLR Aleph) 010306499 | ||
| 090 |
_a10620156 _c10620156 |
||
| 100 | _a20140416d2014 um y0rusy50 ca | ||
| 101 | 0 | _arus | |
| 102 | _aRU | ||
| 105 | _aac||z|||000zy | ||
| 200 | 1 |
_aРомантика жизни, любви и путешествий _eлирические настроения _e[стихи и проза] _fВиктор Леонов |
|
| 210 |
_aМосква _c[б. и.] _d2014 |
||
| 215 |
_a521 с., [5] л. ил., цв. ил., портр. _d20 |
||
| 300 | _aНа 4-й с. обл. авт.: Леонов В.Н. к.т.н. | ||
| 300 | _aИзд. за счет средств авт. | ||
| 316 |
_aС автогр. авт. _5NLR |
||
| 320 | _aДр. работы авт. на 4-й с. обл. | ||
| 327 | 1 | _aСодерж.: циклы: Производственные мотивы; Матриархат продолжается; Любовь - это великая сила!; Юбилеи, поздравления, пожелания; Оды, шлягеры, микро-киносценарии, наш поход по Крыму; Романтика походов; рассказы: На трех катамаранах по Онежскому озеру 1999 г.; Мой детский шахматный кружок в печатниках 2002-20005 гг. [и др.]; разделы: "Романтика" мелкой коммерции; Еще о романтике жизни | |
| 686 | 2 | _aШ6(2=Р)8я44 | |
| 700 | 1 |
_aЛеонов _bВ. Н. _cлитератор, канд. техн. наук _gВиктор Николаевич _9128876 _3RU\NLR\AUTH\770128907 |
|
| 942 | _cBOOK | ||
| 980 | _aNBR | ||